Landlocked Europe Map Quiz Stats

Quiz Updated Jul 14, 2016

Challenge
Share
Tweet
Score 0/15 Timer 04:00
4 Plays Today
% Correct
Vatican City
97.1%
Austria
96.7%
Switzerland
95.5%
Belarus
91%
Hungary
89.3%
Andorra
89.1%
Luxembourg
88.8%
Czechia
87.6%
% Correct
Slovakia
87%
San Marino
85.7%
Liechtenstein
84.9%
Macedonia
84.6%
Moldova
80.2%
Serbia
77.7%
Kosovo
76.6%

You're not logged in!

Compare scores with friends on all Sporcle quizzes.
Join for Free
OR
Log In

You Might Also Like...

Show Comments

Extras

Top Quizzes Today


Score Distribution

Your Account Isn't Verified!

In order to create a playlist on Sporcle, you need to verify the email address you used during registration. Go to your Sporcle Settings to finish the process.

Report this User

Report this user for behavior that violates our Community Guidelines.

Details: